LIBRARY & INFORMATION CENTRE, KCAET, TAVANUR

ONLINE PUBLIC ACCESS CATALOGUE (OPAC)

Specification for cylindrical metal measures for use in tests of aggregates and concrete / (Record no. 7044)

MARC details
000 -LEADER
fixed length control field 00977cam a2200157ua 4500
041 ## - LANGUAGE CODE
Language code of text/sound track or separate title eng
082 ## - DEWEY DECIMAL CLASSIFICATION NUMBER
Classification number 666.9
Item number IND/SP
245 00 - TITLE STATEMENT
Title Specification for cylindrical metal measures for use in tests of aggregates and concrete /
250 ## - EDITION STATEMENT
Edition statement 1 /
260 ## - PUBLICATION, DISTRIBUTION, ETC. (IMPRINT)
Place of publication New Delhi :
Name of publisher Indian standards institution ,
Year of publication 1982.
300 ## - PHYSICAL DESCRIPTION
Number of Pages 8 ; .
942 ## - ADDED ENTRY ELEMENTS (KOHA)
Koha item type Books
Holdings
Withdrawn status Lost status Damaged status Home library Current library Date acquired Full call number Accession Number Koha item type
      KAUAET   07/04/2012 666.9 17577 Books
free website counter